Política planificación y gobierno
Furkejuvvon:
| Váldodahkki: | |
|---|---|
| Materiálatiipa: | Girji |
| Giella: | espánnjágiella |
| Almmustuhtton: |
Caracas
Fundación Altadir
1987
|
| Fáttát: | |
| Fáddágilkorat: |
Lasit fáddágilkoriid
Eai fáddágilkorat, Lasit vuosttaš fáddágilkora!
|
MARC
| LEADER | 00000nam a2200000 a 4500 | ||
|---|---|---|---|
| 001 | UCO4645 | ||
| 003 | CL-VaPUC | ||
| 008 | 000811e19870000VE |||||||||||||||||spa|d | ||
| 082 | 0 | 4 | |a 320.6 |b MAT |2 21 |
| 100 | |a Matus Romo, Carlos |e autor |9 340348 | ||
| 245 | 1 | 0 | |a Política planificación y gobierno |
| 300 | |a 782 p | ||
| 942 | |c BK | ||
| 945 | |d 20000811 00:00:00 |a rbrito | ||
| 260 | |a Caracas |b Fundación Altadir |c 1987 | ||
| 650 | 7 | |a GESTION POLITICA |2 CL-VaPUC |9 449280 | |
| 650 | 0 | |a Estado |9 255503 | |
| 650 | 0 | |a Políticas sociales |9 358116 | |
| 583 | |a last modification |c 20160929 08:15:46 |k Rodrigo Vera | ||
| 999 | |c 290669 |d 290667 | ||
| 952 | |0 0 |1 0 |2 ddc |4 0 |6 320_600000000000000_MAT_1987 |7 0 |8 A |9 340197 |a BIBCUR |b BIBCUR |c PAC |d 2019-11-20 |i 3641694 |o 320.6 MAT 1987 |p 3641694 |r 2025-04-22 |w 2019-11-20 |y BK |k PER | ||